الإحصائيات لـ محافظات مصر

أنقر هنا لكي تخضع للإختبار!

الإحصائيات العامة

  • هذا الإختبار تم الخضوع له 186 مره
  • الدرجة المتوسطة هي 16 من 27

Answers on the Map

Answers color-coded by a green-red scale on the quiz's map according to % correct below.
 

إحصائيات الإجابة

Answer% صحيح
القاهرة
98%
الاسكندرية
87%
اسوان
80%
بور سعيد
74%
الشرقية
70%
الجيزة
69%
الاقصر
65%
السويس
65%
اسيوط
65%
جنوب سيناء
64%
الغربية
63%
قنا
63%
شمال سيناء
62%
دمياط
57%
سوهاج
56%
مطروح
54%
الفيوم
54%
البحر الاحمر
54%
الاسماعيلية
54%
المنوفية
52%
الوادي الجديد
52%
المنيا
51%
الدقهلية
50%
البحيرة
48%
كفر الشيخ
48%
بني سويف
46%
القليوبية
43%

توزيع النقاط

النسبة وفقا للأرقام

نسبة الأشخاص لكل درجة

سجل النقاط الخاصة بك

لم تضخع لهذا الإختبار